| 000 | 00379cam a22001097a 4500 | ||
|---|---|---|---|
| 008 | 180718b1961 xxu||||| |||| 00| 0 eng d | ||
| 082 | _aB67x54 In2c | ||
| 245 | _aThe changing role of the district officer: proceedings of a conference | ||
| 260 |
_aNew Delhi _bIndian Institute of Public Administration _c1961 |
||
| 300 | _a154p. | ||
| 700 | _aIndian Institute of Public Administration | ||
| 999 |
_c441806 _d441806 |
||